German - Environment Vocabulary - Statistics

General Stats
  • This quiz has been taken 22 times
    17 since last reset
  • The average score is 9 of 39
Answer Stats
Hint Answer % Correct
To build bauen
83%
Gas Gas
67%
To protect schützen
58%
To destroy zerstören
58%
Coal Kohle
50%
To suffer leiden
50%
To poison vergiften
50%
To invest investieren
42%
To lose verlieren
42%
To threaten bedrohen
33%
Governments Regierungen
33%
Nuclear power plants Atomkraftwerke
25%
To produce produzieren
25%
To reduce reduzieren
25%
Responsible verantwortlich
25%
To burn verbrennen
25%
To cause verursachen
25%
Deforestation die Abholzung
17%
Air Die Luft
17%
Air pollution die Luftverschmutzung
17%
To feed ernähren
17%
Renewable energy erneuerbare Energien
17%
Carbon dioxide Kohlendioxid
17%
Environmental Protection Umweltschutz
17%
Biofuels Biokraftstoffe
8%
The extinction of animal species das Aussterben von Tierarten
8%
Global warming die globale Erwärmung
8%
Noise pollution die Lärmbelastung
8%
Overpopulation die Überbevölkerung
8%
Floods die Überschwemmungen
8%
Desertification die Wüstenbildung
8%
Energy saving energiesparende
8%
Fossil fuels Fossile Brennstoffe
8%
Green electricity Ökostrom
8%
Solar systems (power) Solaranlagen
8%
Hydroelectric power plants Wasserkraftwerke
8%
Wind turbines Windkraftanlagen
8%
Oil spills Ölkatastrophen
0%
To convert umstellen
0%
No matching quizzes found
Score Distribution
Percent of People with Each Score
Percentile by Number Answered
Your Score History
You have not taken this quiz since the last reset